| Tag |
First Indicator |
Second Indicator |
Subfields |
| LEADER |
00000cam a2200000Ia 4500 |
| 001 |
in00003480331 |
| 005 |
20151206092740.0 |
| 008 |
120920t20142014mauab b 001 0 eng d |
| 020 |
|
|
|a 9781133311362 (pbk.)
|
| 020 |
|
|
|a 1133311369 (pbk.)
|
| 035 |
|
|
|a (OCoLC)ocn811729547
|
| 040 |
|
|
|a UKM
|e rda
|c UKM
|d BWK
|d YDX
|d YOU
|d LND
|d OUN
|d TXA
|d UtOrBLW
|
| 049 |
|
|
|a TXAM
|
| 082 |
0 |
|
|a 384.0973
|2 23
|
| 090 |
|
|
|a HE7775
|b .S79 2014
|
| 100 |
1 |
|
|a Straubhaar, Joseph D.
|
| 245 |
1 |
0 |
|a Media now :
|b understanding media, culture, and technology /
|c Joseph Straubhaar, Robert LaRose, Lucinda Davenport.
|
| 250 |
|
|
|a 8th ed. /
|b Joseph Straubhaar, Robert LaRose, Lucinda Davenport.
|
| 264 |
|
1 |
|a Boston :
|b Wadsworth Cengage Learning,
|c [2014]
|
| 264 |
|
4 |
|c ©2014
|
| 300 |
|
|
|a xxiv, 579 pages :
|b illustrations, maps ;
|c 28 cm.
|
| 336 |
|
|
|a text
|b txt
|2 rdacontent
|
| 337 |
|
|
|a unmediated
|b n
|2 rdamedia
|
| 338 |
|
|
|a volume
|b nc
|2 rdacarrier
|
| 504 |
|
|
|a Includes bibliographical references (pages 543-559) and index
|
| 505 |
0 |
|
|a Pt. 1. Media and the information age. 1. The changing media ; 2. Media and society -- pt. 2. The media. 3. Books and magazines ; 4. Print to digital newspapers ; History : journalism in the making ; 5. Recorded music ; 6. Radio ; 7. Film and home video ; 8. Television ; 9. The Internet ; 10. Public relations ; 11. Advertising ; 12. The third screen : smart phones and tablets ; 13. Video games -- pt. 3. Media issues. 14. Media uses and impacts ; 15. Media policy and law ; 16. Media ethics ; 17. Global communications media
|
| 650 |
|
0 |
|a Telecommunication
|z United States.
|
| 650 |
|
0 |
|a Information technology
|z United States.
|
| 650 |
|
0 |
|a Mass media
|z United States.
|
| 700 |
1 |
|
|a LaRose, Robert.
|
| 700 |
1 |
|
|a Davenport, Lucinda.
|
| 948 |
|
|
|a cataloged
|b h
|c 2014/5/5
|d c
|e cproctor
|f 3:30:20 PM
|
| 994 |
|
|
|a C0
|b TXA
|
| 999 |
|
|
|a MARS
|
| 999 |
f |
f |
|s 8030b451-e879-3e43-833e-38a9feacacb4
|i 98bf55ff-23ab-3088-95a1-dcc8148fe659
|t 0
|
| 952 |
f |
f |
|p normal
|a Texas A&M University
|b College Station
|c Sterling C. Evans Library
|d Evans: Library Stacks
|t 0
|e HE7775 .S79 2014
|h Library of Congress classification
|i unmediated -- volume
|m A14842400633
|
| 998 |
f |
f |
|a HE7775 .S79 2014
|t 0
|l Evans: Library Stacks
|